书目信息 |
| 题名: |
数学物理方法与特殊函数
|
|
| 作者: | 杨映辰 , 徐明聪 编 | |
| 分册: | ||
| 出版信息: | 北京 国防工业出版业 1980.10 |
|
| 页数: | 383页 | |
| 开本: | 32开 | |
| 丛书名: | ||
| 单 册: | ||
| 中图分类: | O29:TB11 | |
| 科图分类: | ||
| 主题词: | 应用数学 , 数学--应用 | |
| 电子资源: | ||
| ISBN: | ||
| 000 | 00623nam0 2200217 45 | |
| 001 | 0006151828 | |
| 005 | 20000615181422.7 | |
| 010 | @d1.25元 | |
| 100 | @a20000615d1980 km y0chiy0120 ea | |
| 101 | 0 | @achi |
| 105 | @a z 000yy | |
| 200 | 1 | @a数学物理方法与特殊函数@AShu Xue Wu Li Fang Fa Yu Te Shu Han Shu@f杨映辰,徐明聪编@FYang Ying Chen,Xu Ming Cong Bian |
| 210 | @a北京@c国防工业出版业@d1980.10 | |
| 215 | @a383页@d32开 | |
| 606 | 0 | @a应用数学 |
| 606 | 0 | @a数学@x应用 |
| 690 | @aO29:TB11@v3 | |
| 701 | 0 | @a杨映辰@4编 |
| 701 | 0 | @a徐明聪@4编 |
| 801 | @aCN@bPftUser@c20000615 | |
| 905 | @b205911@dO29:TB11@eY955@f1 | |
| 数学物理方法与特殊函数/杨映辰,徐明聪编.-北京:国防工业出版业,1980.10 |
| 383页;32开 |
| ISBN :1.25元 |
| ● |
| 相关链接 |
|
|
|
正题名:数学物理方法与特殊函数
索取号:O29:TB11/Y955
 
预约/预借
| 序号 | 登录号 | 条形码 | 馆藏地/架位号 | 状态 | 备注 |
| 1 | 205911 | 202059119 | 自科二线504/504自科库 23排1列1层/ [索取号:O29:TB11/Y955] | 在馆 |